000 00250nam a2200097Ia 4500
001 1120410
005 20250827004624.0
008 250824s9999 xx 000 0 und d
245 0 _aESİR ŞEHRİ İNSANLARI
_cKEMAL TAHİR
260 _bKETEBE YAYINCILIK
999 _c1120410
_d1120410